00482nam a2200157Ia 4500003000900000008004100009020001800050040001600068080001500084100001500099245012000114260003800234300001500272650002100287650001600308IN-BaIIA211028s9999 xx 000 0 eng d a0-471-59551-9 cIIA Library a530.1bLOW aLow, F. E. 0aClassical field theorybelectromagnetism and gravitationcF. E. Low  aNew YorkbJohn Wiley & Sonsc1997 axii, 427p. aElectromagnetism aGravitation